Southville International School and Colleges
Your cart is empty.
  • Cart
  • Lists
    Public lists Eva Luna New books Lux_list list_1
    Your lists Log in to create your own lists
  • Log in to your account
  • Your cookies
  • Search history
Southville International School and Colleges
  • Advanced search
  • Recent comments
  • Most popular
  • Libraries

Log in to your account

Log in with GOOGLE


If you do not have an external account, but do have a local account, you can still log in:

  1. Home
  2. MARC view: Textbook of pharmacognosy and phytochemistry /
Normal view MARC view ISBD view

Textbook of pharmacognosy and phytochemistry / (Record no. 358866)

[ view plain ]
MARC details
000 -LEADER
fixed length control field 00489nam a2200157Ia 4500
008 - FIXED-LENGTH DATA ELEMENTS--GENERAL INFORMATION
fixed length control field 180925s9999 xx 000 0 und d
020 ## - INTERNATIONAL STANDARD BOOK NUMBER
International Standard Book Number 9788131234587
100 ## - MAIN ENTRY--PERSONAL NAME
Personal name Shah, Biren N.
245 ## - TITLE STATEMENT
Statement of responsibility, etc Biren N. Shah, A.K. Seth.--
Title Textbook of pharmacognosy and phytochemistry /
250 ## - EDITION STATEMENT
Edition statement 2nd ed
260 ## - PUBLICATION, DISTRIBUTION, ETC. (IMPRINT)
Place of publication, distribution, etc USA :
Name of publisher, distributor, etc Elsevier
Date of publication, distribution, etc 2014
300 ## - PHYSICAL DESCRIPTION
Extent xxii, 614 pages.
500 ## - GENERAL NOTE
General note Inlcudes bibliographical reference and indexes.
650 ## - SUBJECT ADDED ENTRY--TOPICAL TERM
Topical term or geographic name as entry element Botanical chemistry.
650 ## - SUBJECT ADDED ENTRY--TOPICAL TERM
Topical term or geographic name as entry element Pharmacognosy.
Holdings
Withdrawn status Lost status Source of classification or shelving scheme Damaged status Home library Current library Shelving location Date acquired Source of acquisition Total Checkouts Total Renewals Full call number Barcode Date last seen Date checked out Price effective from Koha item type
    Library of Congress Classification   South SEED-LPDH College Library South SEED-LPDH College Library South SEED-LPDH College Section 09/25/2018 Library Fund 3 5 RS 160 .Sh52 2014 SSLC1808 02/05/2024 01/19/2024 09/25/2018 Books

Textbook of pharmacognosy and phytochemistry /

APA

Shah B. N., . (2014). Textbook of pharmacognosy and phytochemistry. USA: Elsevier.

Chicago

Shah Biren N, . 2014. Textbook of pharmacognosy and phytochemistry. USA: Elsevier.

Harvard

Shah B. N., . (2014). Textbook of pharmacognosy and phytochemistry. USA: Elsevier.

MLA

Shah Biren N, . Textbook of pharmacognosy and phytochemistry. USA: Elsevier. 2014.

  • Place hold
  • Print
  • Cite
  • Add to your cart (remove)
  • Save record
    BIBTEX Dublin Core MARCXML MARC (non-Unicode/MARC-8) MARC (Unicode/UTF-8) MARC (Unicode/UTF-8, Standard) MODS (XML) RIS
  • More searches
    Search for this title in:
    Other Libraries (WorldCat) Other Databases (Google Scholar) Online Stores (Bookfinder.com) Open Library (openlibrary.org)

Exporting to Dublin Core...

SOUTHVILLE LIBRARY

Southville International School and Colleges Library

1281 Tropical Ave. Cor. Luxembourg St., BF Homes International, Las Pinas City

Tel. No. 8256374 / 252358 Loc. 117/146

Powered by Koha